• 首页
  • 本馆介绍
  • 公告通知
  • 最新文献
  • 馆藏检索
  • 电子资源
  • 读者导购
  • 参考咨询
  • 我的图书馆
  • 登录
  • 详细信息显示
  • 放入我的书架
  • 预约/预借图书
  • 作者相关作品
  • 分类相关作品
  • 丛书相关作品
  • 出版社相关作品

书目信息

  • 表格格式
  • 工作单格式
  • 卡片格式
题名:
SQL Server 2008 R2数据库技术及应用
    
 
作者: 周慧 , 施乐军 主编
分册:  
出版信息: 北京   人民邮电出版社  2015.8
页数: 288页
开本: 26cm
丛书名:
单 册:
中图分类: TP311.132.3- , TP311.138SQ-43
科图分类:
主题词: 关系数据库--数据库管理系统,SQL Server 2008--高等职业教育--教材
电子资源:
ISBN: 978-7-115-34599-8
000 01180nam0 2200277 450
001 0400004094
005 20171025162228.37
010    @a978-7-115-34599-8@dCNY42.00
100    @a20150920e20172015em y0chiy50 ea
101 0  @achi
102    @aCN@b110000
105    @ay z 000yy
106    @ar
200 1  @aSQL Server 2008 R2数据库技术及应用@9SQL Server 2008 R2 shu ju ku ji shu ji ying yong@f周慧,施乐军主编
205    @a第3版
210    @a北京@c人民邮电出版社@d2015.8@h2017.2
215    @a288页@d26cm
330    @a本书首先介绍数据库系统的基本知识、需求分析、概念设计和逻辑设计的方法;然后分别介绍SQLServer 2008 R2的基本功能、安装与配置,使用SSMS和T-SQL创建、管理与操作数据库、表、索引和视图,T-SQL的SELECT数据查询,T-SQL编程基础、创建与管理存储过程、触发器和用户定义函数;最后介绍SQL Server 2008 R2的数据库安全管理技术、备份与还原技术、导出与导入技术。
606 0  @a关系数据库@x数据库管理系统,SQL Server 2008@x高等职业教育@j教材
610 0  @aSQL Server
690    @aTP311.132.3-@v5
690    @aTP311.138SQ-43@v5
701  0 @a周慧@9Zhou Hui@4主编
701  0 @a施乐军@9shi le jun@4主编
801  0 @aCN@b91MARC@c20171023
905    @b1027881-5@dTP311.132.3-@f5@e1126=3
    
    SQL Server 2008 R2数据库技术及应用/周慧,施乐军主编.-第3版.-北京:人民邮电出版社,2015.8(2017.2)
    288页;26cm
    
    
    ISBN 978-7-115-34599-8:CNY42.00
    本书首先介绍数据库系统的基本知识、需求分析、概念设计和逻辑设计的方法;然后分别介绍SQLServer 2008 R2的基本功能、安装与配置,使用SSMS和T-SQL创建、管理与操作数据库、表、索引和视图,T-SQL的SELECT数据查询,T-SQL编程基础、创建与管理存储过程、触发器和用户定义函数;最后介绍SQL Server 2008 R2的数据库安全管理技术、备份与还原技术、导出与导入技术。
●
相关链接 在E读中查询图书 在五车中查询图书 在当当中查询图书 在豆瓣中查询图书


正题名:SQL Server 2008 R2数据库技术及应用     索取号:TP311.132.3-/1126=3         预约/预借

序号 登录号 条形码 馆藏地/架位号 状态 备注
1 1027881   210278812   第二样本阅览室/ [索取号:TP311.132.3-/1126=3] 在馆    
2 1027882   210278821   密集书库—计算机科学学院/ [索取号:TP311.132.3-/1126=3] 在馆    
3 1027883   210278830   第三借阅区/ [索取号:TP311.132.3-/1126=3] 在馆    
4 1027884   210278849   第三借阅区/ [索取号:TP311.132.3-/1126=3] 在馆    
5 1027885   210278858   第三借阅区/ [索取号:TP311.132.3-/1126=3] 在馆    
唐山师范学院图书馆 欢迎您!
大连网信软件有限公司© 版权所有